Stereochemistry of organic compounds
Salvato in:
| Autore principale: | |
|---|---|
| Natura: | Libro |
| Lingua: | inglese |
| Pubblicazione: |
Ane Books
2019
|
| Tags: |
Aggiungi Tag
Nessun Tag, puoi essere il primo ad aggiungerne!!
|
MARC
| LEADER | 00000nam a22000007a 4500 | ||
|---|---|---|---|
| 008 | 240116b |||||||| |||| 00| 0 eng d | ||
| 020 | |a 9789388264532 | ||
| 100 | |a AHLUWALIA,V.K. | ||
| 245 | |a Stereochemistry of organic compounds |c /V.K. Ahluwalia |g xxii, 529p | ||
| 260 | |b Ane Books |c 2019 |h New Delhi |i 701460 |i 701461 |l QD481.Ah1 |m Stereochemistry |m Organic compounds | ||
| 500 | |a it includes index | ||
| 942 | |a lcc |c BK |e Johnson |f 16/01/24 | ||
| 952 | |0 0 |1 0 |2 lcc |4 0 |6 QD0481 A H1 |7 0 |9 4792 |a SL |b HOL |c QZ |d 2024-01-16 |l 0 |o QD481.Ah1 |p 2024-0046 |r 2024-01-16 00:00:00 |t 701460 |w 2024-01-16 |y BK | ||
| 952 | |0 0 |1 0 |2 lcc |4 0 |6 QD0481 A H1 |7 0 |9 4793 |a HOL |b HOL |c QZ |d 2024-01-16 |l 0 |o QD481.Ah1 |r 2024-01-16 00:00:00 |t 701461 |w 2024-01-16 |y BK | ||
| 999 | |c 2396 |d 2396 | ||